Alimentations électroniques : théorie et pratique (Record no. 13377)

MARC details
000 -LEADER
fixed length control field 00648 a2200241 4500
035 ## - SYSTEM CONTROL NUMBER
System control number 8924
035 ## - SYSTEM CONTROL NUMBER
System control number 11047
100 ## - VEDETTE PRINCIPALE - NOM DE PERSONNE
Personal name DAMAYE, R.
130 ## - VEDETTE PRINCIPALE - TITRE UNIFORME
Language of a work Fr.
260 ## - PUBLICATION, DISTRIBUTION, ETC. (IMPRINT)
Place of publication, distribution, etc Paris
260 ## - PUBLICATION, DISTRIBUTION, ETC. (IMPRINT)
Name of publisher, distributor, etc Société des Editions Commerciales de France
260 ## - PUBLICATION, DISTRIBUTION, ETC. (IMPRINT)
Name of publisher, distributor, etc Editions Radio
245 ## - TITLE STATEMENT
Title Alimentations électroniques : théorie et pratique
260 ## - PUBLICATION, DISTRIBUTION, ETC. (IMPRINT)
Date of publication, distribution, etc 1982
300 ## - PHYSICAL DESCRIPTION
Extent 481 p.
300 ## - PHYSICAL DESCRIPTION
Other physical details ill., graph. ; 24 cm
500 ## - GENERAL NOTE
General note bibliographie à la fin des chapitres
650 ## - SUBJECT ADDED ENTRY--TOPICAL TERM
Topical term or geographic name as entry element <Appareils électroniques-Alimentation en énergie><Courant constant>
700 ## - ADDED ENTRY--PERSONAL NAME
Personal name GAGNE, C.
Holdings
Withdrawn status Lost status Damaged status Not for loan Location (home branch) Sublocation or collection (holding branch) Date acquired Source of acquisition Koha issues (times borrowed) Koha full call number Piece designation (barcode) Koha date last seen Price effective from Koha item type
        Bibliothèque Ecole Polytechnique d'Abomey-Calavi Bibliothèque Ecole Polytechnique d'Abomey-Calavi 27/02/2009 EPAC   621.381044/D155a 21851EPAC 27/02/2009 27/02/2009 Livre


© 2008, Bibliothèques de l'Université d'Abomey-Calavi

04 BP 789 Cotonou, Tél. : +229 21 36 01 01, Fax : +229 21 35 06 32

Courriel : bu@bu.uac.bj